000 01240nam a2200337 i 4500
001 193435
003 ES-MaACL
005 20240527160109.0
007 ta
008 231204b1992 sp ||||| |||| 00| 0 spa d
017 _aBI 1669-92
_bOficina Depósito Legal Bilbao
040 _bspa
_cES-MaACL
080 _a342.53(4-672 UE)
080 _a341.176(4)
100 1 _aBarón, Enrique,
_d1944-
_eaut
_925767
245 1 3 _aEl papel del Parlamento Europeo en la construcción de Europa :
_bconferencia celebrada el 21 de mayo de 1992 [en el Forum Deusto] /
_cpor D. Enrique Barón
260 _a[Bilbao] :
_bUniversidad de Deusto =
_bDeustuko Unibertsitatea
_c[1992]
300 _a18 páginas ;
_c22 cm
336 _2rdacontent
_aTexto
337 _2rdamedia
_asin mediación
338 _2rdacarrier
_avolumen
490 0 _aEuropa 93: ensueños o realidades
_v; Cuarto ciclo
610 2 4 _96118
_aParlamento Europeo
610 2 0 _a
_9236706
710 2 _9234628
_aForum Deusto
852 _aES-MaACL
_cDEPOF
_j2345-F-2
_9200903
_hDonación: Enrique Barón
903 _aBarón, Enrique,
_d1944-
_ednr
_925767
942 _n0
_cFOLLETOS
999 _c193435
_d193435